Introduction to Management Accounting/ (Record no. 1852)

MARC details
000 -LEADER
Fixed length control field 00625nam a2200205 4500
003 - CONTROL NUMBER IDENTIFIER
Control field SEACOMEC
005 - DATE AND TIME OF LATEST TRANSACTION
Control field 20241202124358.0
008 - FIXED-LENGTH DATA ELEMENTS--GENERAL INFORMATION
Fixed length control field 241202b |||||||| |||| 00| 0 eng d
020 ## - INTERNATIONAL STANDARD BOOK NUMBER / ISBN
Price 450.00
International Standard Book Number 978-0136129219
040 ## - CATALOGING SOURCE
Original cataloging agency SEACOMEC
082 ## - DEWEY DECIMAL CLASSIFICATION NUMBER
Classification number 658.15
Book Number H811
100 ## - MAIN ENTRY--PERSONAL NAME
Personal name Horngren,, Charles T.
245 ## - TITLE STATEMENT
Title Introduction to Management Accounting/
Statement of responsibility Charles T. Horngren, Gary L. Sundem, William O. Stratton
250 ## - EDITION STATEMENT
Edition statement 12th ed
260 ## - IMPRINT
Place of publication Delhi
Name of publisher Pearson Educación,
Date of publication 2004
300 ## - PHYSICAL DESCRIPTION
Page / Vol. No 674p
440 ## - SERIES STATEMENT
Series Title Charles T. Horngren series in accounting
650 ## - SUBJECT ADDED ENTRY--TOPICAL TERM
Topical term Business & Economics - Accounting
942 ## - ADDED ENTRY ELEMENTS (KOHA)
Koha item type Books
Holdings
Withdrawn status Lost status Source of classification Damaged status Not for loan Home library Current library Date acquired Total Checkouts Call number Accession number Date last seen Price effective from Koha item type Copy number
    Dewey Decimal Classification     SEACOM ENGINEERING COLLEGE SEACOM ENGINEERING COLLEGE 02/04/2008   658.15 H811 10601 02/12/2024 02/12/2024 Books  
    Dewey Decimal Classification     SEACOM ENGINEERING COLLEGE SEACOM ENGINEERING COLLEGE 02/04/2008   658.15 H811 10602 02/12/2024 02/12/2024 Books 1
    Dewey Decimal Classification     SEACOM ENGINEERING COLLEGE SEACOM ENGINEERING COLLEGE 02/04/2008   658.15 H811 10603 02/12/2024 02/12/2024 Books 2
    Dewey Decimal Classification     SEACOM ENGINEERING COLLEGE SEACOM ENGINEERING COLLEGE 02/04/2008   658.15 H811 10604 02/12/2024 02/12/2024 Books 3
© Seacom Engineering College, All rights reserved.      Powered by Koha